[Event "LTU-ch U16"]
[Site "Kaunas"]
[Date "2017.04.10"]
[Round "7"]
[White "Bisigirskas, Paulius"]
[Black "Raudys, Danielius"]
[Result "0-1"]
[WhiteElo "1851"]
[BlackElo "1365"]
[PlyCount "134"]
[EventDate "2017.04.05"]
[EventType "swiss"]
[EventRounds "7"]
[EventCountry "LTU"]
[SourceTitle "CBM 177 Extra"]
[Source "ChessBase"]
[SourceDate "2017.04.27"]
[SourceVersion "1"]
[SourceVersionDate "2017.04.27"]
[SourceQuality "1"]

1. e4 d6 2. d4 Nf6 3. Nc3 g6 4. Nf3 Bg7 5. Be2 0-0 6. 0-0 c6 7. a4 a5 8. h3 Nbd7 9. Be3 h6 10. Qd2 Kh7 11. e5 Ne8 12. Bd3 Nc7 13. exd6 exd6 14. Ne4 Nf6 15. c4 Nxe4 16. Bxe4 Qe7 17. Bd3 d5 18. c5 Ne6 19. Rfe1 Qc7 20. h4 h5 21. Ng5+ Nxg5 22. Bxg5 Be6 23. Bc2 Rfe8 24. Bf4 Qd7 25. Re3 Bf8 26. Rae1 Bg7 27. R3e2 Bf8 28. Re5 f5 29. Qe3 Bf7 30. Qg3 Rxe5 31. Bxe5 Re8 32. f4 Re6 33. Qc3 Qd8 34. g3 Be7 35. Re3 Bf6 36. b4 axb4 37. Qxb4 Qd7 38. Rb3 Bxe5 39. fxe5 Re7 40. Qd2 Re8 41. Rb6 Qe7 42. Bd3 Ra8 43. a5 Be6 44. Bc2 Bc8 45. Kg2 Ra6 46. Bd3 Ra7 47. a6 Qd7 48. Qg5 bxa6 49. Qf6 Rc7 50. Bxa6 Bxa6 51. Rxa6 Qc8 52. Rb6 Qa8 53. e6 Qa2+ 54. Kf3 Qd2 55. Qe5 Qd1+ 56. Kf2 Qd2+ 57. Kf3 Qd3+ 58. Qe3 Qe4+ 59. Qxe4 fxe4+ 60. Ke3 Kg7 61. Rb8 Re7 62. Rc8 Rxe6 63. Rc7+ Kf6 64. Rd7 Kf5 65. Rf7+ Rf6 66. Re7 Kg4 67. Re5 Kxg3 0-1

[Event "LTU-ch U16"]
[Site "Kaunas"]
[Date "2017.04.06"]
[Round "3"]
[White "Pultinevicius, Paulius"]
[Black "Bisigirskas, Paulius"]
[Result "1-0"]
[WhiteElo "2389"]
[BlackElo "1851"]
[PlyCount "97"]
[EventDate "2017.04.05"]
[EventType "swiss"]
[EventRounds "7"]
[EventCountry "LTU"]
[SourceTitle "CBM 177 Extra"]
[Source "ChessBase"]
[SourceDate "2017.04.27"]
[SourceVersion "1"]
[SourceVersionDate "2017.04.27"]
[SourceQuality "1"]

1. Nf3 d5 2. e3 Nf6 3. c4 c6 4. Nc3 e6 5. b3 Nbd7 6. d4 Be7 7. Bd3 0-0 8. 0-0 b6 9. Bb2 Bb7 10. Rc1 c5 11. cxd5 exd5 12. Qc2 Rc8 13. Qb1 Re8 14. Rfd1 Qc7 15. a3 Qb8 16. Bf5 Rcd8 17. g3 cxd4 18. Nxd4 Nc5 19. b4 Nce4 20. Nxe4 Nxe4 21. Nc6 Bxc6 22. Rxc6 Bf6 23. Bxe4 Rxe4 24. Bxf6 gxf6 25. Rxd5 Rxd5 26. Qxe4 Qe5 27. Qg4+ Qg5 28. Qf3 Qf5 29. Qxf5 Rxf5 30. a4 Rd5 31. b5 Rd1+ 32. Kg2 Ra1 33. Rc4 Kg7 34. Rf4 Rc1 35. Kf3 Rc2 36. Ke4 Rd2 37. Kf3 Rd8 38. Rd4 Ra8 39. Rd6 Kg6 40. g4 Kg7 41. h4 Kf8 42. Rxf6 Rd8 43. Rc6 Rd7 44. g5 Re7 45. Kf4 Kg7 46. Kf5 Rd7 47. f4 Rd3 48. Rc7 Rxe3 49. Rxa7 1-0

[Event "Panevezys op-B 28th"]
[Site "Panevezys"]
[Date "2015.08.20"]
[Round "6"]
[White "Bisigirskas, Paulius"]
[Black "Voropajevas, Nikolajus"]
[Result "1-0"]
[WhiteElo "1803"]
[BlackElo "1557"]
[PlyCount "117"]
[EventDate "2015.08.17"]
[EventType "swiss"]
[EventRounds "9"]
[EventCountry "LTU"]
[SourceTitle "EXT 2016"]
[Source "ChessBase"]
[SourceDate "2015.10.08"]
[SourceVersion "1"]
[SourceVersionDate "2015.10.08"]
[SourceQuality "1"]

1. e4 e5 2. Nf3 Nc6 3. d4 exd4 4. Nxd4 Nxd4 5. Qxd4 Qe7 6. Nc3 c6 7. Be2 Qc5 8. Qd3 Qd6 9. 0-0 Qxd3 10. Bxd3 Bb4 11. e5 Ne7 12. Ne4 Ng6 13. f4 0-0 14. Be3 b6 15. Rad1 Be7 16. Bc4 Rd8 17. Nd6 Bxd6 18. Rxd6 Bb7 19. Rfd1 Bc8 20. e6 Ne7 21. exf7+ Kf8 22. g4 Rb8 23. f5 Nd5 24. Bxd5 cxd5 25. Bg5 Bb7 26. Bxd8 Rxd8 27. f6 g6 28. Re1 Bc6 29. Re8+ Rxe8 30. fxe8Q+ Kxe8 31. f7+ Kxf7 32. g5 Ke7 33. Rf6 d6 34. Rf4 Bd7 35. Rh4 Be6 36. Rxh7+ Bf7 37. Rh4 a5 38. Kf2 b5 39. a3 Ke6 40. Rf4 Be8 41. Ke3 Ke5 42. Rf8 d4+ 43. Kd2 Bd7 44. h4 Bf5 45. Rb8 Bd7 46. h5 gxh5 47. g6 h4 48. g7 Be6 49. g8Q Bxg8 50. Rxg8 Kf4 51. Kd3 h3 52. Kxd4 h2 53. Rh8 Kg3 54. Kd5 Kg2 55. Kxd6 h1Q 56. Rxh1 Kxh1 57. Kc5 b4 58. axb4 axb4 59. Kxb4 1-0

[Event "Panevezys op-B 28th"]
[Site "Panevezys"]
[Date "2015.08.19"]
[Round "4"]
[White "Aviza, Elijas"]
[Black "Bisigirskas, Paulius"]
[Result "0-1"]
[WhiteElo "1342"]
[BlackElo "1803"]
[PlyCount "44"]
[EventDate "2015.08.17"]
[EventType "swiss"]
[EventRounds "9"]
[EventCountry "LTU"]
[SourceTitle "EXT 2016"]
[Source "ChessBase"]
[SourceDate "2015.10.08"]
[SourceVersion "1"]
[SourceVersionDate "2015.10.08"]
[SourceQuality "1"]

1. d4 d5 2. Nf3 Nf6 3. c4 c6 4. Nc3 e6 5. e3 Nbd7 6. Bd3 dxc4 7. Bxc4 b5 8. Bd3 Bb7 9. 0-0 a6 10. e4 c5 11. dxc5 Nxc5 12. e5 Qxd3 13. exf6 gxf6 14. Nd4 Qxd1 15. Nxd1 Bd6 16. g3 Ke7 17. Ne3 Be5 18. Ndc2 Nd3 19. Nd1 Rac8 20. f4 Rxc2 21. fxe5 Rg2+ 22. Kh1 Rxg3+ 0-1

[Event "Palanga op"]
[Site "Palanga"]
[Date "2015.06.19"]
[Round "8"]
[White "Bisigirskas, Paulius"]
[Black "Gailiunaite, Saule"]
[Result "1-0"]
[WhiteElo "1811"]
[BlackElo "1788"]
[PlyCount "51"]
[EventDate "2015.06.15"]
[EventType "swiss"]
[EventRounds "9"]
[EventCountry "LTU"]
[SourceTitle "CBM 167 Extra"]
[Source "ChessBase"]
[SourceDate "2015.09.14"]
[SourceVersion "1"]
[SourceVersionDate "2015.09.14"]
[SourceQuality "1"]

1. e4 c5 2. Nf3 Nc6 3. d4 cxd4 4. Nxd4 Nf6 5. Nc3 d6 6. f3 Nxd4 7. Qxd4 g6 8. Be3 Bg7 9. Qd2 0-0 10. 0-0-0 a6 11. g4 b5 12. Bh6 Bxh6 13. Qxh6 Qa5 14. Kb1 Be6 15. Nd5 Bxd5 16. exd5 Rfc8 17. h4 Rc5 18. h5 Qd8 19. hxg6 fxg6 20. g5 Nh5 21. Rxh5 gxh5 22. Bd3 e5 23. Qxh7+ Kf8 24. Qh8+ Kf7 25. g6+ Ke7 26. Qg7+ 1-0

[Event "Palanga op"]
[Site "Palanga"]
[Date "2015.06.15"]
[Round "1"]
[White "Maciulaityte, Barbora"]
[Black "Bisigirskas, Paulius"]
[Result "0-1"]
[WhiteElo "1439"]
[BlackElo "1811"]
[PlyCount "66"]
[EventDate "2015.06.15"]
[EventType "swiss"]
[EventRounds "9"]
[EventCountry "LTU"]
[SourceTitle "CBM 167 Extra"]
[Source "ChessBase"]
[SourceDate "2015.09.14"]
[SourceVersion "1"]
[SourceVersionDate "2015.09.14"]
[SourceQuality "1"]

1. e4 c5 2. c3 Nf6 3. e5 Nd5 4. d4 cxd4 5. cxd4 e6 6. Nf3 d6 7. Be2 Nc6 8. Bd2 Qc7 9. exd6 Bxd6 10. Nc3 Nxc3 11. Bxc3 0-0 12. 0-0 Rd8 13. Qc2 h6 14. h3 Ne7 15. Rac1 Nd5 16. Bd2 Qe7 17. Rfe1 b6 18. Bc4 Bb7 19. Qb3 Qf6 20. a3 Nf4 21. Rcd1 Nxh3+ 22. Kf1 Ng5 23. Bxg5 hxg5 24. d5 exd5 25. Bxd5 Bxd5 26. Rxd5 g4 27. Ng1 Bc5 28. Rxd8+ Rxd8 29. Qg3 Qxb2 30. Ne2 Qf6 31. Nf4 Bd6 32. Re4 Qa1+ 33. Re1 Qd4 0-1

[Event "LTU-ch U14"]
[Site "Panevezys"]
[Date "2014.03.29"]
[Round "8"]
[White "Misiuk, Ernest"]
[Black "Bisigirskas, Paulius"]
[Result "1/2-1/2"]
[WhiteElo "1516"]
[BlackElo "1626"]
[PlyCount "76"]
[EventDate "2014.03.25"]
[EventType "swiss"]
[EventRounds "9"]
[EventCountry "LTU"]
[SourceTitle "CBM 159 Extra"]
[Source "ChessBase"]
[SourceDate "2014.04.24"]
[SourceVersion "1"]
[SourceVersionDate "2014.04.24"]
[SourceQuality "1"]

1. d4 d5 2. c4 c6 3. Nf3 Nf6 4. Nc3 e6 5. Bg5 dxc4 6. a4 Bb4 7. e4 b5 8. e5 h6 9. exf6 hxg5 10. fxg7 Rg8 11. g3 Rxg7 12. Bg2 Bb7 13. h4 gxh4 14. Rxh4 Rg8 15. Kf1 Bxc3 16. bxc3 Nd7 17. Qc2 Qc7 18. Qh7 Nf6 19. Qh6 Nd5 20. Ne5 a6 21. Bxd5 cxd5 22. Qh7 0-0-0 23. axb5 axb5 24. Qc2 Rh8 25. Rxh8 Rxh8 26. Rb1 Rh1+ 27. Kg2 Rxb1 28. Qxb1 f6 29. Nf3 Bc6 30. Qg6 Qe7 31. Qg4 Kb7 32. Qh4 Qf7 33. Qf4 Qe7 34. Qh4 Qg7 35. Qf4 Qe7 36. Qh4 Qf7 37. Qf4 Qe7 38. Qh4 Qf7 1/2-1/2

[Event "LTU-ch sf"]
[Site "Vilnius"]
[Date "2014.02.17"]
[Round "1"]
[White "Vicas, Marijus"]
[Black "Bisigirskas, Paulius"]
[Result "1-0"]
[WhiteElo "2039"]
[BlackElo "1628"]
[PlyCount "59"]
[EventDate "2014.02.17"]
[EventType "swiss"]
[EventRounds "8"]
[EventCountry "LTU"]
[SourceTitle "CBM 158 Extra"]
[Source "ChessBase"]
[SourceDate "2014.02.28"]
[SourceVersion "1"]
[SourceVersionDate "2014.02.28"]
[SourceQuality "1"]

1. e4 c5 2. Nc3 Nc6 3. f4 g6 4. Nf3 Bg7 5. Bc4 e6 6. f5 Nge7 7. fxe6 dxe6 8. 0-0 0-0 9. d3 Nd4 10. Bg5 a6 11. a4 b6 12. Kh1 Qc7 13. Nxd4 cxd4 14. Ne2 Bb7 15. Qd2 Nc6 16. Bh6 Qe7 17. Rf3 b5 18. Rh3 Qf6 19. Bb3 e5 20. Ng3 Bxh6 21. Qxh6 Qg7 22. Qh4 Kh8 23. Nf5 gxf5 24. Rg3 Qxg3 25. hxg3 fxe4 26. Qf6+ Kg8 27. Rf1 e3 28. Bxf7+ Rxf7 29. Qxf7+ Kh8 30. Qxb7 1-0

[Event "Panevezys op-B 26th"]
[Site "Panevezys"]
[Date "2013.08.18"]
[Round "8"]
[White "Bisigirskas, Paulius"]
[Black "Bucinskas, Lukas"]
[Result "0-1"]
[WhiteElo "1614"]
[BlackElo "1777"]
[PlyCount "100"]
[EventDate "2013.08.12"]
[EventType "swiss"]
[EventRounds "8"]
[EventCountry "LTU"]
[SourceTitle "CBM 155 Extra"]
[Source "ChessBase"]
[SourceDate "2013.08.26"]
[SourceVersion "1"]
[SourceVersionDate "2013.08.26"]
[SourceQuality "1"]

1. e4 Nc6 2. Nf3 d6 3. d4 Bg4 4. Be2 Bxf3 5. Bxf3 e5 6. c3 g6 7. Be3 Bg7 8. d5 Nce7 9. 0-0 Nf6 10. Nd2 0-0 11. c4 Nd7 12. Be2 f5 13. f3 f4 14. Bf2 g5 15. b4 h5 16. c5 Kh7 17. cxd6 cxd6 18. Rc1 Rg8 19. h3 Nf6 20. Rc3 Qd7 21. a4 a6 22. Bb6 Nfxd5 23. exd5 Nxd5 24. Qc2+ Kh6 25. a5 Nxc3 26. Qxc3 d5 27. Qb3 Qc6 28. Qa3 Rac8 29. Bc5 e4 30. Nb3 Be5 31. Rd1 Rgd8 32. Nd4 Qf6 33. Kh1 exf3 34. Bxf3 g4 35. Be7 Qg6 36. hxg4 hxg4 37. Bxd8 gxf3 38. Qxf3 Rxd8 39. Qh3+ Qh5 40. Qxh5+ Kxh5 41. Rd3 Bxd4 42. Rxd4 Kg4 43. Kg1 Kf5 44. Kf2 Ke5 45. Rd2 d4 46. Ke2 Ke4 47. Rb2 d3+ 48. Kd2 Rg8 49. Ke1 Ke3 50. Kf1 Rh8 0-1

[Event "Palanga op"]
[Site "Palanga"]
[Date "2013.06.21"]
[Round "7"]
[White "Baliuniene, Margarita"]
[Black "Bisigirskas, Paulius"]
[Result "1-0"]
[WhiteElo "1843"]
[BlackElo "1625"]
[PlyCount "117"]
[EventDate "2013.06.17"]
[EventType "swiss"]
[EventRounds "9"]
[EventCountry "LTU"]
[SourceTitle "EXT 2014"]
[Source "ChessBase"]
[SourceDate "2013.11.20"]
[SourceVersion "1"]
[SourceVersionDate "2013.11.20"]
[SourceQuality "1"]

1. d4 d5 2. Nf3 Nf6 3. c4 c6 4. e3 e6 5. Nc3 Nbd7 6. cxd5 exd5 7. Bd3 Be7 8. 0-0 0-0 9. a3 Re8 10. b4 a6 11. Qc2 h6 12. Bd2 Bf8 13. Rab1 Qe7 14. a4 Ne4 15. b5 axb5 16. axb5 Qe6 17. Rfc1 Nb8 18. Ne5 Nxd2 19. Qxd2 Bd6 20. Nf3 Bd7 21. Ra1 Rxa1 22. Rxa1 Bb4 23. Rb1 Bxc3 24. Qxc3 cxb5 25. Bxb5 Rc8 26. Qb3 Bc6 27. h3 Nd7 28. Rc1 Nf6 29. Ne5 Nd7 30. Nd3 Qe8 31. Bxc6 bxc6 32. Qb7 Nb8 33. Nb4 Qd7 34. Qxd7 Nxd7 35. Rxc6 Rxc6 36. Nxc6 Kf8 37. Nb4 Nf6 38. Kf1 Ke7 39. Ke2 Kd6 40. f3 Nd7 41. Kd3 f5 42. g4 g6 43. gxf5 gxf5 44. Ke2 Nf6 45. Kf2 Nh5 46. Nd3 Ke6 47. Ne5 Kf6 48. Nd3 Ke6 49. Nc1 Kd6 50. Ne2 Ke6 51. Ng3 Ng7 52. Ke2 Kf6 53. h4 Ke6 54. Kd3 Kf6 55. Kc3 Ke6 56. Kb4 Kd6 57. Kb5 Ke6 58. Kc6 Ne8 59. Nh5 1-0

[Event "LTU-ch U14"]
[Site "Panevezys"]
[Date "2013.03.26"]
[Round "7"]
[White "Vaitkevicius, Paulius"]
[Black "Bisigirskas, Paulius"]
[Result "0-1"]
[WhiteElo "1759"]
[BlackElo "1608"]
[PlyCount "56"]
[EventDate "2013.03.23"]
[EventType "swiss"]
[EventRounds "8"]
[EventCountry "LTU"]
[SourceTitle "EXT 2022"]
[Source "ChessBase"]
[SourceDate "2021.10.06"]
[SourceVersion "1"]
[SourceVersionDate "2021.10.06"]
[SourceQuality "1"]

1. e4 c5 2. Nf3 d6 3. d4 cxd4 4. Nxd4 Nf6 5. Nc3 a6 6. f3 e6 7. Be3 Be7 8. Qd2 b5 9. 0-0-0 Bb7 10. g4 0-0 11. h4 Nc6 12. g5 Nh5 13. Bh3 Ne5 14. Bg4 Nxg4 15. fxg4 Ng3 16. Rhg1 Nxe4 17. Nxe4 Bxe4 18. h5 Rc8 19. g6 Qd7 20. gxh7+ Bxh7 21. c3 b4 22. Ne2 Qa4 23. h6 Qxa2 24. Qd4 Qb1+ 25. Kd2 Qc2+ 26. Ke1 e5 27. Qxb4 Bh4+ 28. Bf2 Bd3 0-1

[Event "Panevezys op 25th"]
[Site "Panevezys"]
[Date "2012.08.16"]
[Round "5"]
[White "Zukauskas, Arnas Povilas"]
[Black "Bisigirskas, Paulius"]
[Result "1/2-1/2"]
[WhiteElo "1605"]
[BlackElo "1608"]
[PlyCount "107"]
[EventDate "2012.08.13"]
[EventType "swiss"]
[EventRounds "9"]
[EventCountry "LTU"]
[SourceTitle "CBM 149 Extra"]
[Source "ChessBase"]
[SourceDate "2012.08.24"]
[SourceVersion "1"]
[SourceVersionDate "2012.08.24"]
[SourceQuality "1"]

1. e4 c5 2. Nf3 d6 3. d4 cxd4 4. Nxd4 Nf6 5. Nc3 a6 6. Be2 e6 7. Be3 Be7 8. 0-0 b5 9. a3 Bb7 10. Qd3 Nbd7 11. f4 Nc5 12. Qd1 Ncxe4 13. Nxe4 Nxe4 14. c4 bxc4 15. Bxc4 d5 16. Qa4+ Qd7 17. Qxd7+ Kxd7 18. Bd3 Nc5 19. Bc2 Rac8 20. b4 Ne4 21. Bxe4 dxe4 22. Rac1 Bd5 23. Kf2 Bc4 24. Rfd1 Bd5 25. Ke1 Rxc1 26. Rxc1 Rc8 27. Rxc8 Kxc8 28. Kd2 Kb7 29. Kc2 Bf6 30. g3 e5 31. Ne2 exf4 32. gxf4 Bc4 33. Nc3 Kc6 34. Nxe4 Kd5 35. Nxf6+ gxf6 36. Kc3 Bb5 37. Kb3 Ke4 38. Bd2 Kf3 39. Be1 Kxf4 40. a4 Be2 41. Kc3 Ke4 42. Kd2 Bf1 43. Bf2 f5 44. Ke1 Bd3 45. Bc5 f4 46. Kf2 f3 47. Bd6 Be2 48. Bc5 Kd5 49. a5 Ke5 50. Be7 Kf4 51. Bd6+ Kg4 52. Bc5 f5 53. Bd6 f4 54. Bc7 1/2-1/2

[Event "Panevezys op 25th"]
[Site "Panevezys"]
[Date "2012.08.15"]
[Round "4"]
[White "Bisigirskas, Paulius"]
[Black "Le Boette, Guershom"]
[Result "1-0"]
[WhiteElo "1608"]
[BlackElo "1527"]
[PlyCount "109"]
[EventDate "2012.08.13"]
[EventType "swiss"]
[EventRounds "9"]
[EventCountry "LTU"]
[SourceTitle "CBM 149 Extra"]
[Source "ChessBase"]
[SourceDate "2012.08.24"]
[SourceVersion "1"]
[SourceVersionDate "2012.08.24"]
[SourceQuality "1"]

1. e4 Nf6 2. e5 Nd5 3. d4 d6 4. exd6 exd6 5. Nf3 c5 6. dxc5 dxc5 7. Bb5+ Nc6 8. Ne5 Qa5+ 9. Qd2 Qxb5 10. Qxd5 Be6 11. Nc3 Bxd5 12. Nxb5 Rc8 13. Nf3 a6 14. Nc3 Bxf3 15. gxf3 Nd4 16. Kd1 Nxf3 17. Be3 Rd8+ 18. Ke2 Nd4+ 19. Bxd4 cxd4 20. Ne4 Be7 21. Rad1 0-0 22. Rd3 f5 23. Nd2 f4 24. Nf3 Bf6 25. Rhd1 Rfe8+ 26. Kf1 Re4 27. c3 g5 28. Nxd4 g4 29. Nf5 Rxd3 30. Rxd3 b5 31. Rd7 Bg5 32. Rd5 h6 33. Rd6 Kh7 34. Rxa6 Re5 35. Nd4 h5 36. Ra5 Bd8 37. Rxb5 Rxb5 38. Nxb5 Be7 39. a4 Bd8 40. b4 h4 41. a5 Kg7 42. a6 Bb6 43. a7 Bxa7 44. Nxa7 Kf7 45. b5 Ke7 46. b6 Kd7 47. c4 h3 48. c5 g3 49. fxg3 fxg3 50. hxg3 Kd8 51. c6 h2 52. Kg2 h1Q+ 53. Kxh1 Ke7 54. b7 Kd6 55. b8Q+ 1-0